| 000 | 01411nam a22003857a 4500 | ||
|---|---|---|---|
| 003 | CHAP | ||
| 005 | 20241106103020.0 | ||
| 008 | 111018s2011 mx r 00010 spa d | ||
| 010 | _a102403 | ||
| 011 | _a103375 | ||
| 035 | _a114064 | ||
| 040 | _cCHAP | ||
| 090 | _aTesis | ||
| 100 | 1 |
_aSilva Muñoz, Lía. _9106024 |
|
| 245 | 1 | 0 |
_aPasteurización del sustrato para la producción de hongos seta (Pleurotus spp.) mediante el uso de energia solar _h[En línea) _c/por Lia Silva Muñoz |
| 260 |
_aChapingo, Méx. : _bEl autor, _c2011 |
||
| 500 | _aPara ver el contenido del material haga clic en la liga | ||
| 502 | _aTesis (Ing. Agroindustrial) -- UACH. Departamento de Ingeniería Agroindustrial | ||
| 590 |
_aALEPH _b10 _c20130110 |
||
| 590 |
_aBATCH-UPD _b10 _c20130110 |
||
| 590 |
_aBATCH-UPD _b10 _c20130410 |
||
| 590 |
_aBATCH-UPD _b10 _c20130914 |
||
| 590 |
_aBATCH-UPD _b10 _c20140324 |
||
| 590 |
_aBATCH-UPD _b10 _c20141002 |
||
| 590 |
_aCONVERSION _b10 _c20130109 |
||
| 650 | 1 | 4 |
_aHongos _xRendimiento. _956118 |
| 650 | 1 | 4 |
_aPasteurizadoras. _985915 |
| 650 | 1 | 4 |
_aPleurotus. _989173 |
| 650 | 1 | 4 |
_aSetas. _9105368 |
| 856 |
_3Finding aid _uhttp://10.13.5.2/tesis/114064.PDF _zTeclea aqui |
||
| 901 | _aBK | ||
| 942 |
_cFOLL _2ddc |
||
| 949 |
_aTesis _bBC _cTES _d33724002308801 _eTS1 _gDonaciØn _h52906 _i114064 _st |
||
| 949 |
_aTesis _bBC _cTES _d33724002309579 _eTS2 _fc.2 _gDonaciØn _h52907 _i114064 _st |
||
| 999 |
_c102403 _d102403 |
||